000 00713nam a2200193Ia 4500
003 GCL
008 140319s9999 xx 000 0 ara d
040 _aGCL /
_cGCL
082 0 4 _aق
_b962.031
_bع ب
100 1 _aعمر طوسون
245 1 0 _aالبعثات العلمية فى عهد محمد على ثم فى عهدى عباس الاول وسعيد /
_cعمر طوسون
260 _aالقاهرة :
_bمطبعة صلاح الدين الكبرى ،
_c1934
300 _a579 ص ؛
_c24 سم
490 _a
650 0 4 _aالمنح الدراسية
650 0 4 _aالبعثات
650 0 4 _aمصر - تاريخ - العصر الحديث - عصر محمد على ( 1805- 1849 م )
942 _2ddc
_cBK
999 _c58644
_d58644